| 000 | 02081nam a22003017a 4500 | ||
|---|---|---|---|
| 001 | 1636 | ||
| 003 | FISKH | ||
| 005 | 20260428161421.0 | ||
| 008 | 230912b cb ||||| |||| 00| 0 khr d | ||
| 020 | _a9789995054953 | ||
| 040 |
_aFISKH _beng _cFISKH _dFISKH |
||
| 082 | _a371.91 | ||
| 100 | _aDary, Heng | ||
| 245 |
_aលោកស្រីកូន / _cហេង ដារី - រូបគំនូរ ៖ ចាន់ ពិសី |
||
| 250 | _aបោះពុម្ពលើកទី ៦ ខែធ្នូ ឆ្នាំ ២០២០ | ||
| 260 |
_aPhnom Penh : _bSipar, _c2020. |
||
| 300 |
_a182 pages : _billustrations ; _c19 cm |
||
| 490 | _aអក្សរសិល្ប៍យុវវ័យ | ||
| 505 | _aZ' | ||
| 520 | _aវាគឺជាអក្សរសិល្ប៍យុវវ័យដំបូងគេដែលរៀបរាប់ពីជីវិតរបស់ពួកគេ ការវិវត្តន៍រាងកាយ និងការប្រាស្រ័យទាក់ទងដ៏ទំនើបជាមួយឪពុកម្ដាយ។ ប្រលោមលោកនេះក៏ជួយឪពុកម្តាយឱ្យយល់ពីគោលគំនិតរបស់យុវជនផងដែរ ដើម្បីឱ្យពួកគេអាចដោះស្រាយបញ្ហាបានដោយសុខដុម។ | ||
| 520 | _aIt is the first youth literature which describes their lives, physical evolution and sophisticated communication with parents. This novel also helps parents to understand youth concepts, so that they can solve the problems harmoniously. | ||
| 521 | 8 |
_a920
_bLexile estimate |
|
| 521 | 8 |
_aZ'
_bRaz-Plus |
|
| 650 |
_aយុវវ័យ _vប្រលោមលោក _xឪពុកម្ដាយ _yចិញ្ចឹម |
||
| 650 |
_aYouth _vNovel _xParents _yFeed |
||
| 700 |
_aPisey, Chan _eillustrator |
||
| 942 |
_2ddc _cKHB _n0 |
||
| 999 |
_c1636 _d1636 |
||